Influência da vida pessoal nas relações de trabalho (Record no. 2244)

MARC details
000 -Etiqueta do registo
Campo de controlo de comprimento fixo 00569 a2200169 4500
040 ## - Fonte de Catalogação
Agência de catalogação Biblioteca de Posgraduação- Universidade Lusíada de Angola
082 ## - DEWEY DECIMAL CLASSIFICATION NUMBER
Classificador- CDU 043.2 658.3/JOS/I
Prateleira/Colocação 3
100 ## - Nome Pessoal
9 (RLIN) 1067
Autor JOSÉ, Baptista
245 ## - Declaração de Título
Título Influência da vida pessoal nas relações de trabalho
Complemento de título Estudo de caso empresa nacional de distribuição de energia - Empresa pública (ENDE - EP)
250 ## - Indicação da edição
Edição 1ª edição
260 ## - Publicação e Destribuíção
Editor/distribuidor Universidade Lusa̕da de Angola
Data de edição/distribuição Luanda, 2018
Local de edição/distribuição Luanda - Angola
300 ## - Descrição Física
Nº Pág. 79p.
600 #0 - Nome pessoal
Autor JOSÉ, Baptista
650 ## - MATERIA
MATERIA Recursos Humanos
700 ## - Entrada secundária - Nome pessoal
Autor Baptista José
942 ## - - Elementos de entrada adicionados (koha)
Tipo de documento Dissertações de Grado e Mestrado
Holdings
Withdrawn status Lost status Source of classification or shelving scheme Damaged status Not for loan Permanent Location Current Location Date acquired Total Checkouts Full call number Date last seen Price effective from Koha item type
    Dewey Decimal Classification     Biblioteca de Posgraduação- Universidade Lusíada de Angola Biblioteca de Posgraduação- Universidade Lusíada de Angola 24/04/2026   043.2 658.3/JOS/I 24/04/2026 24/04/2026 Dissertações de Grado e Mestrado